000 01658cam a22002294a 4500
005 20250605164237.0
008 250528s ||||||||||||||||||||||||d
035 _a21190
020 _a9780324302950
040 _aGR-AtMCL
_bgre
_dGR-AtMCL
_eAACR2
245 1 _aFinancial Reporting, Financial Statement Analysis, and Valuation / A Strategic Perspective: Sixth Edition
250 _a6th
260 _bThomson,
_c2007
300 _a1130
520 _aThis book provides students with resources that demonstrate the applications of financial analysis. Preface, Overview of Financial Reporting and Financial Statement Analysis and Valuation, Asset and Liability Valuation and Income Measurement, Income Flows Versus Cash Flows: Key Relationships in the Dynamics of a Business, Profitability Analysis, Risk Analysis, Quality of Accounting Information and Adjustments to Reported Financial Statement Data, Revenue Recognition and Related Expenses, Liability Recognition and Related Expenses, Intercorporate Entities, Forecasting Financial Statements, Risk-Adjusted Expected Rates of Return and the Dividends Valuation Approach, Valuation: Cash-Flow-Based Approaches, Valuation: Earnings-Based Approaches, Valuation: Market-Based Approaches, Financial Statements and Notes for PepsiCo Inc. and Subsidiaries, Management's Discussion and Analysis for PepsiCo Inc. and Subsidiaries, Financial Statement Analysis Package (FSAP), User Manual for Financial Statement Analysis Package (FSAP), Index.
700 1 _aBrown Paul R
_97216
700 1 _aStickney Clyde P
_96303
700 1 _aWahlen James M
_97217
942 _cBK
999 _c6258
_d6258